|
|
|
|
| LEADER |
00000nam0a2200000 4500 |
| 001 |
272220 |
| 005 |
20231101234519.0 |
| 035 |
|
|
|a (RuTPU)RU\TPU\book\295426
|
| 090 |
|
|
|a 272220
|
| 100 |
|
|
|a 20141016d1969 k y0rusy50 ca
|
| 101 |
0 |
|
|a rus
|
| 102 |
|
|
|a RU
|
| 105 |
|
|
|a a z 001zy
|
| 200 |
1 |
|
|a Бурение сверхглубоких скважин ( из опыта бурения Аралсорской сверхглубокой скважины СГ-1 в Казахской ССР )
|f Ю. Г. Апанович, Ю. В. Вадецкий, О. К. Ангелопуло
|
| 210 |
|
|
|a Москва
|c Недра
|d 1969
|
| 215 |
|
|
|a 168 с.
|c ил.
|
| 320 |
|
|
|a Библиогр.: с. 165-166.
|
| 606 |
1 |
|
|a Буровые скважины глубокие
|x Прочность
|2 stltpush
|3 (RuTPU)RU\TPU\subj\30634
|9 53713
|
| 610 |
1 |
|
|a Аралсорская скважина
|
| 610 |
1 |
|
|a буровые работы
|
| 610 |
1 |
|
|a обустройство
|
| 610 |
1 |
|
|a буровое оборудование
|
| 610 |
1 |
|
|a размещение
|
| 610 |
1 |
|
|a конструкция
|
| 610 |
1 |
|
|a бурение
|
| 610 |
1 |
|
|a промывочные жидкости
|
| 610 |
1 |
|
|a крепление
|
| 610 |
1 |
|
|a осложнения
|
| 610 |
1 |
|
|a аварии
|
| 675 |
|
|
|a 622.241
|v 3
|
| 700 |
|
1 |
|a Апанович
|b Ю. Г.
|g Юрий Григорьевич
|
| 701 |
|
1 |
|a Вадецкий
|b Ю. В.
|g Юрий Вячеславович
|
| 701 |
|
1 |
|a Ангелопуло
|b О. К.
|g Олег Константинович
|
| 801 |
|
1 |
|a RU
|b 63413507
|c 20141016
|
| 801 |
|
2 |
|a RU
|b 63413507
|c 20151106
|g RCR
|
| 942 |
|
|
|c BK
|